आज का भारतीय साहित्य: (Record no. 1017258)
[ view plain ]
| 000 -LEADER | |
|---|---|
| fixed length control field | 01197nam a2200241Ia 4500 |
| 003 - CONTROL NUMBER IDENTIFIER | |
| control field | OSt |
| 005 - DATE AND TIME OF LATEST TRANSACTION | |
| control field | 20251017152743.0 |
| 008 - FIXED-LENGTH DATA ELEMENTS--GENERAL INFORMATION | |
| fixed length control field | 221004b |||||||| |||| 00| 0 hin d |
| 020 ## - INTERNATIONAL STANDARD BOOK NUMBER | |
| International Standard Book Number | 8126021454 (hbk) |
| 037 ## - SOURCE OF ACQUISITION | |
| Terms of availability | TB |
| 040 ## - CATALOGING SOURCE | |
| Original cataloging agency | CRL |
| Transcribing agency | CRL |
| Language of cataloging | hin |
| 041 ## - LANGUAGE CODE | |
| Source of code | hin |
| Language code of text/sound track or separate title | hin |
| 084 ## - COLON CLASSIFICATION NUMBER | |
| Classification number | O44vN5 152J9 |
| Assigning agency | AL |
| 100 ## - MAIN ENTRY--PERSONAL NAME | |
| Personal name | सर्वपल्ली राधाकृष्णन् |
| 9 (RLIN) | 848703 |
| 245 #0 - TITLE STATEMENT | |
| Title | आज का भारतीय साहित्य: |
| Remainder of title | भारत की सोलह भाषाओं के साहित्य का परिचय/ |
| 246 ## - VARYING FORM OF TITLE | |
| Title proper/short title | Āj kā bhāratīya sāhitya: bhārat kī solah bhāṣhāoan ke sāhitya kā parichaya |
| 260 ## - PUBLICATION, DISTRIBUTION, ETC. | |
| Place of publication, distribution, etc. | नई दिल्ली: |
| Name of publisher, distributor, etc. | साहित्य अकादेमी भारत, |
| Date of publication, distribution, etc. | 1959. |
| 300 ## - PHYSICAL DESCRIPTION | |
| Extent | 514पृ0 |
| Dimensions | cm. |
| 650 ## - SUBJECT ADDED ENTRY--TOPICAL TERM | |
| Topical term or geographic name entry element | हिन्दी साहित्य |
| 9 (RLIN) | 848704 |
| 700 ## - ADDED ENTRY--PERSONAL NAME | |
| Personal name | माचवे, प्रभाकर, अनु. |
| Relator term | (Editor) |
| 9 (RLIN) | 848705 |
| 942 ## - ADDED ENTRY ELEMENTS (KOHA) | |
| Classification part | O44vN5, 152J9 |
| Koha item type | Textbook |
| Source of classification or shelving scheme | |
| Suppress in OPAC | No |
| Withdrawn status | Lost status | Source of classification or shelving scheme | Damaged status | Not for loan | Home library | Current library | Date acquired | Source of acquisition | Cost, normal purchase price | Total Checkouts | Total Renewals | Full call number | Barcode | Date last seen | Date last checked out | Cost, replacement price | Price effective from | Koha item type |
|---|---|---|---|---|---|---|---|---|---|---|---|---|---|---|---|---|---|---|
| Colon Classification (CC) | Central Library | Arts Library | 2022-10-05 | 525, 19/03/2009, Vani Prakashan | 1000.00 | 1 | 1 | O44vN5 152J9 | CL1386686 | 2026-01-19 | 2025-10-28 | 1000.00 | 2022-10-05 | Textbook |
